How to click with everyone every time
| Main Author: | |
|---|---|
| Format: | Book |
| Published: |
New York :
McGraw-Hill ,
2003
|
| Subjects: |
MARC
| LEADER | 00000cam a2200000 7i4500 | ||
|---|---|---|---|
| 001 | 0000076310 | ||
| 005 | 20040803.0 | ||
| 020 | |a 0071418474 | ||
| 090 | 0 | 0 | |a 650.13 |b RIC |
| 100 | 1 | |a Rich, David A. | |
| 245 | 1 | 0 | |a How to click with everyone every time |c David Rich |
| 260 | |a New York : |b McGraw-Hill , |c 2003 | ||
| 300 | |a 154p. ; |c 22cm. | ||
| 650 | 0 | 0 | |a Customer relations |
| 650 | 0 | 0 | |a Interpersonal attraction |
| 650 | 0 | 0 | |a Success in business |
| 999 | |a 00173358 |b BUKU |c PINJAMAN |e PERPUSTAKAAN KOMUNITI PETALING JAYA | ||